|
|
|
|
| LEADER |
00000nas a2200000 a 4500 |
| 001 |
ssj0068888 |
| 003 |
WaSeSS |
| 005 |
20200512172242.0 |
| 006 |
m d |
| 007 |
cr n |
| 008 |
080407c19639999ck ax s 0 0spa c |
| 010 |
|
|
|a 2011240159
|
| 016 |
7 |
|
|a 2468325-5
|2 DE-600
|
| 022 |
|
|
|y 0120-2456
|
| 035 |
|
|
|a (WaSeSS)ssj0068888
|
| 040 |
|
|
|a OCLCS
|b eng
|c OCLCS
|d OCLCS
|d HEBIS
|d OCLCQ
|d OCLCE
|d IXA
|d OCLCQ
|d OCLCF
|d OCLCQ
|d OCLCO
|d OCL
|d OCLCQ
|d WaSeSS
|
| 042 |
|
|
|a pcc
|
| 043 |
|
|
|a s-ck---
|
| 050 |
1 |
4 |
|a F2260
|b .A63
|
| 245 |
0 |
0 |
|a Anuario colombiano de historia social y de la cultura
|h [electronic resource].
|
| 260 |
|
|
|a Bogotá, DC, Colombia :
|b Universidad Nacional de Colombia, Facultad de Ciencias Humanas, Departamento Historia
|
| 310 |
|
|
|a Annual (irregular, some years semiannual)
|
| 362 |
1 |
|
|a Print began with v. 1, no. 1 (1963).
|
| 506 |
|
|
|a License restrictions may limit access.
|
| 550 |
|
|
|a Issued by: Universidad Nacional de Colombia, Facultad de Filosofía y Letras, Sección de Historia de Colombia y América, 1963-1964; by: Universidad Nacional de Colombia, Facultad de Ciencias Humanas, Departamento de Historia, 1965-<2000>
|
| 588 |
|
|
|a Description based on: No. 23 (1996); title from cover (publisher's Web site, viewed June 7, 2011).
|
| 588 |
|
|
|a Latest issue consulted: Vol. 37, no. 2 (2010) (viewed June 7, 2011).
|
| 650 |
|
0 |
|a Social history
|v Periodicals.
|
| 650 |
|
7 |
|a Social conditions
|2 fast
|0 (OCoLC)fst01919811
|
| 650 |
|
7 |
|a Civilization.
|2 fast
|0 (OCoLC)fst00862898
|
| 650 |
|
7 |
|a Social history.
|2 fast
|0 (OCoLC)fst01122498
|
| 651 |
|
0 |
|a Colombia
|x Civilization
|v Periodicals.
|
| 651 |
|
0 |
|a Colombia
|x History
|v Periodicals.
|
| 651 |
|
0 |
|a Colombia
|x Social conditions
|v Periodicals.
|
| 651 |
|
7 |
|a Colombia.
|2 fast
|0 (OCoLC)fst01205916
|
| 655 |
|
0 |
|a Electronic journals.
|
| 710 |
2 |
|
|a Universidad Nacional de Colombia.
|b Facultad de Filosofía y Letras.
|b Sección de Historia de Colombia y América.
|
| 710 |
2 |
|
|a Universidad Nacional de Colombia.
|b Departamento de Historia.
|
| 776 |
0 |
8 |
|i Print version:
|t Anuario colombiano de historia social y de la cultura
|x 0120-2456
|w (DLC) 2007238886
|w (OCoLC)1586457
|
| 856 |
4 |
0 |
|z Full text available from Research Library: 01/01/2014 to present
|u https://search.proquest.com/publication/2035744
|
| 856 |
4 |
0 |
|z Full text available from PRISMA Database with HAPI Index: 01/01/2014 to 01/31/2017
|u https://search.proquest.com/publication/13488
|